Сын Отечества,. Ч.60, № 9 (Запись № 12824035)
[ простой вид ]
| 000 -МАРКЕР | |
|---|---|
| контрольное поле | 02461nam2a22003611 4500 |
| 001 - ИДЕНТИФИКАТОР ЗАПИСИ | |
| контрольное поле | RU\NLR\BIBL_A\022126941 |
| 005 - ИДЕНТИФИКАТОР ВЕРСИИ | |
| контрольное поле | 20240823171913.0 |
| 035 ## - ДРУГИЕ СИСТЕМНЫЕ НОМЕРА | |
| Идентификатор записи | (NLR Aleph) 022126941 |
| 100 ## - ДАННЫЕ ОБЩЕЙ ОБРАБОТКИ | |
| Данные общей обработки | 20240205d1820 m y0rusy50 ca |
| 101 0# - ЯЗЫК РЕСУРСА | |
| Язык текста, звукозаписи и т.д. | русский |
| 102 ## - СТРАНА ПУБЛИКАЦИИ ИЛИ ПРОИЗВОДСТВА | |
| Страна публикации | Российская Федерация |
| 135 ## - ПОЛЕ КОДИРОВАННЫХ ДАННЫХ: ЭЛЕКТРОННЫЕ РЕСУРСЫ | |
| Кодированные данные для электронного ресурса | crcn 024anaba |
| 200 1# - ЗАГЛАВИЕ И СВЕДЕНИЯ ОБ ОТВЕТСТВЕННОСТИ | |
| Основное заглавие | Ч.60, № 9 |
| 210 ## - ПУБЛИКАЦИЯ, РАСПРОСТРАНЕНИЕ И ДР. | |
| Место издания, распространения и т.д. | Санктпетербург |
| Имя издателя, распространителя и т. д. | в типографии издателя |
| Дата издания, распространения и т.д. | 1820 |
| 215 ## - ФИЗИЧЕСКАЯ ХАРАКТЕРИСТИКА | |
| Специфическое обозначение материала и объем | С.97-136, [1] л. ил. |
| Размеры | 8° |
| 316 ## - ПРИМЕЧАНИЯ ОБ ОСОБЕННОСТЯХ ЭКЗЕМПЛЯРА | |
| Текст примечания | Экз. РНБ (1/410): №1-12 в одном пер. В сост. картон. пер., обтянутом коричневатой бумагой, с коричневыми ледерин. корешком и уголками. На нижней крышке пер. наклейка с шифром РНБ. Корешок гладкий. Обрез крапчатый синий. На форзаце техн. штамп. Размер: 21,0х12,8х4,1 см |
| Организация и экземпляр, к которому относится поле | NLR: 1/410 |
| 325 ## - ПРИМЕЧАНИЕ О КОПИИ | |
| Текст примечания | Копия доступна в Электрон. б-ке РНБ |
| 461 #0 - УРОВЕНЬ НАБОРА | |
| Встроенное поле | 001RU\NLR\INFOCOMM31\5000044194 |
| -- | 2001#$aСын Отечества,$eисторический и политический журнал$vЧ.60, № 9 |
| Системный номер (АБИС) связанной записи | 4563199 |
| Место публикации | Санктпетербург |
| Дата публикации | 1812-1852 |
| Имя издателя, распространителя и т.д. | в типографии Иосифа Иоаннесова |
| Сведения, относящиеся к заглавию | исторический и политический журнал |
| Заглавие | Сын Отечества, |
| Номер тома | Ч.60, № 9 |
| 482 #0 - ПРИПЛЕТЕНО К | |
| Встроенное поле | 001RU\NLR\BIBL_A\022126856 |
| -- | 2000#$aЧ.59, № 1 |
| -- | 210##$aСанктпетербург$cв типографии издателя$d1820 |
| Системный номер (АБИС) связанной записи | 12823765 |
| Место публикации | Санктпетербург |
| Дата публикации | 1820 |
| Имя издателя, распространителя и т.д. | в типографии издателя |
| Физическая характеристика | 48 с. |
| Заглавие | Сын Отечества,. - Ч.59, № 1 |
| URL | https://vivaldi.nlr.ru/pm000050964/view |
| 852 ## - МЕСТОНАХОЖДЕНИЕ И ШИФР ХРАНЕНИЯ | |
| Идентификатор организации | NLR |
| Шифр хранения (Call Number) | 1/410 |
| 856 #0 - МЕСТОНАХОЖДЕНИЕ ЭЛЕКТРОННЫХ РЕСУРОВ И ДОСТУП К НИМ | |
| Универсальный идентификатор ресурса (Uniform Resource Identifier) | https://vivaldi.nlr.ru/pm000050972/view |
| 856 #1 - МЕСТОНАХОЖДЕНИЕ ЭЛЕКТРОННЫХ РЕСУРОВ И ДОСТУП К НИМ | |
| Универсальный идентификатор ресурса (Uniform Resource Identifier) | https://vivaldi.nlr.ru/pm000050972/cover |
| 856 #2 - МЕСТОНАХОЖДЕНИЕ ЭЛЕКТРОННЫХ РЕСУРОВ И ДОСТУП К НИМ | |
| Универсальный идентификатор ресурса (Uniform Resource Identifier) | https://vivaldi.nlr.ru/pm000050972/text |
| 942 ## - ДОПОЛНИТЕЛЬНЫЕ ЭЛЕМЕНТЫ ЗАПИСИ (АБИС) | |
| Тип экземпляра АБИС | Выпуск |
| 980 ## - КОЛЛЕКЦИЯ | |
| Название коллекции | Национальная библиография |
| 980 3# - КОЛЛЕКЦИЯ | |
| Название коллекции | Книжные памятники РНБ |
| 981 27 - КОЛЛЕКЦИЯ ЭЛЕКТРОННОЙ БИБЛИОТЕКИ | |
| Название коллекции | Периодические издания |
| Название подколлекции | Журналы |
| 981 20 - КОЛЛЕКЦИЯ ЭЛЕКТРОННОЙ БИБЛИОТЕКИ | |
| Название коллекции | Книжные памятники РНБ |
| Название подколлекции | Журналы и периодические альманахи |
Нет доступных экземпляров.